[Event "Hastings Masters 2024/25 98th"]
[Site "Hastings"]
[Date "2024.12.29"]
[Round "3.1"]
[White "Boyer, Mahel"]
[Black "Kaasen, Tor Fredrik"]
[Result "1-0"]
[WhiteElo "2526"]
[BlackElo "2473"]
[PlyCount "89"]
[EventDate "2024.12.28"]
[EventType "swiss"]
[EventRounds "9"]
[EventCountry "ENG"]
[SourceTitle "BritBase"]
[Source "John Saunders"]
[SourceDate "2025.01.10"]
[SourceVersion "1"]
[SourceVersionDate "2025.01.10"]
[SourceQuality "1"]

1. e4 c5 2. Nf3 d6 3. d4 cxd4 4. Nxd4 Nf6 5. Nc3 a6 6. h3 e6 7. g4 b5 8. g5 Nfd7 9. Be3 b4 10. Na4 Bb7 11. Bg2 Be7 12. f4 O-O 13. O-O Nc6 14. b3 Nxd4 15. Qxd4 a5 16. Rad1 Bc6 17. Nb2 e5 18. Qd2 exf4 19. Bxf4 Ne5 20. h4 Bb5 21. Rf2 Re8 22. Qd5 Qb6 23. Bg3 Rac8 24. Rdd2 Bc6 25. Qd4 Bd8 26. Nc4 Qxd4 27. Rxd4 Nxc4 28. Rxc4 Bb6 29. Bh3 Bb7 30. Bxc8 Rxc8 31. Rxc8+ Bxc8 32. Kg2 Bxf2 33. Kxf2 d5 34. Bc7 a4 35. exd5 Kf8 36. Bd6+ Ke8 37. Bxb4 Bf5 38. c4 Bb1 39. c5 axb3 40. axb3 Bc2 41. Ke3 Bxb3 42. Kd4 f6 43. gxf6 gxf6 44. c6 f5 45. d6 1-0

[Event "Hastings Masters 2024/25 98th"]
[Site "Hastings"]
[Date "2024.12.29"]
[Round "3.2"]
[White "Ghazarian, Kirk"]
[Black "Vestby-Ellingsen, Mads"]
[Result "1/2-1/2"]
[WhiteElo "2501"]
[BlackElo "2383"]
[PlyCount "120"]
[EventDate "2024.12.28"]
[EventType "swiss"]
[EventRounds "9"]
[EventCountry "ENG"]
[SourceTitle "BritBase"]
[Source "John Saunders"]
[SourceDate "2025.01.10"]
[SourceVersion "1"]
[SourceVersionDate "2025.01.10"]
[SourceQuality "1"]

1. c4 e6 2. g3 d5 3. Bg2 Nf6 4. Nf3 Be7 5. O-O O-O 6. d4 dxc4 7. Qc2 c6 8. Qxc4 b5 9. Qc2 Bb7 10. Rd1 Nbd7 11. Ne5 Nxe5 12. dxe5 Nd5 13. Nc3 Qb8 14. Nxd5 cxd5 15. Be3 Rc8 16. Qb3 b4 17. Bd4 a5 18. e4 dxe4 19. Qe3 Bd5 20. Bxe4 Qb7 21. Bxd5 Qxd5 22. Bb6 Qb7 23. Rac1 h6 24. h4 Rxc1 25. Rxc1 Qd5 26. a4 bxa3 27. bxa3 Rb8 28. a4 Bb4 29. Qd4 Qxd4 30. Bxd4 Ba3 31. Rc4 Rb1+ 32. Kg2 Bb4 33. h5 Rb3 34. Bc5 Kh7 35. Bd6 Ra3 36. Rc7 Rxa4 37. Rxf7 Bxd6 38. exd6 Rd4 39. Ra7 Rxd6 40. Rxa5 Rd7 41. Ra8 Re7 42. Kh3 g6 43. Kg4 Kg7 44. Rc8 gxh5+ 45. Kxh5 Rf7 46. Rc2 Rf5+ 47. Kg4 Kg6 48. f4 Ra5 49. Rc6 Kf6 50. Kh4 Ra4 51. Rc5 Ra3 52. Kg4 Rb3 53. Rh5 Kg6 54. Ra5 Kf6 55. Ra8 Rb5 56. Ra2 Rc5 57. Rh2 Kg6 58. Re2 Kf6 59. Rd2 Ra5 60. Rd6 Rb5 1/2-1/2

[Event "Hastings Masters 2024/25 98th"]
[Site "Hastings"]
[Date "2024.12.29"]
[Round "3.4"]
[White "Golding, Alex"]
[Black "Laurent-Paoli, Pierre"]
[Result "0-1"]
[WhiteElo "2405"]
[BlackElo "2559"]
[PlyCount "62"]
[EventDate "2024.12.28"]
[EventType "swiss"]
[EventRounds "9"]
[EventCountry "ENG"]
[SourceTitle "BritBase"]
[Source "John Saunders"]
[SourceDate "2025.01.10"]
[SourceVersion "1"]
[SourceVersionDate "2025.01.10"]
[SourceQuality "1"]

1. e4 c5 2. Nf3 Nc6 3. Nc3 e6 4. d4 cxd4 5. Nxd4 Nf6 6. Nxc6 bxc6 7. e5 Nd5 8. Ne4 Qc7 9. f4 Rb8 10. c4 Bb4+ 11. Kf2 f5 12. cxd5 fxe4 13. d6 Qa5 14. Kg3 O-O 15. Bc4 Bc3 16. Rf1 Bxb2 17. Bxb2 Rxb2 18. Qd4 Qa3+ 19. Bb3 Ba6 20. Rfc1 Bd3 21. Rc3 Qa6 22. Rac1 Qb6 23. Rc5 Re2 24. Bc4 Qd8 25. Bxe6+ dxe6 26. Rxc6 Qe8 27. Rc8 Qg6+ 28. Kh4 Qh6+ 29. Kg3 Qxf4+ 30. Kh3 Qh6+ 31. Kg3 Qg5+ 0-1

[Event "Hastings Masters 2024/25 98th"]
[Site "Hastings"]
[Date "2024.12.29"]
[Round "3.9"]
[White "Waldhausen Gordon, Frederick"]
[Black "Xue, Haowen"]
[Result "0-1"]
[WhiteElo "2355"]
[BlackElo "2502"]
[PlyCount "88"]
[EventDate "2024.12.28"]
[EventType "swiss"]
[EventRounds "9"]
[EventCountry "ENG"]
[SourceTitle "BritBase"]
[Source "John Saunders"]
[SourceDate "2025.01.10"]
[SourceVersion "1"]
[SourceVersionDate "2025.01.10"]
[SourceQuality "1"]

1. d4 Nf6 2. Nf3 b6 3. g3 Bb7 4. Bg2 e6 5. c4 Be7 6. O-O O-O 7. Re1 Na6 8. b3 c5 9. Bb2 cxd4 10. Bxd4 Nc5 11. Nc3 Rc8 12. Rc1 h6 13. Qc2 d6 14. Red1 a6 15. Qb2 Qc7 16. Ne1 Bxg2 17. Nxg2 Qb7 18. a4 Rfd8 19. Nf4 Ncd7 20. Ng2 Ne5 21. Bxe5 dxe5 22. Qc2 g6 23. Rxd8+ Rxd8 24. Rd1 Rc8 25. Ne3 Bc5 26. Qd2 Kg7 27. h3 h5 28. Ng2 b5 29. axb5 axb5 30. e3 bxc4 31. bxc4 Qb3 32. Nb5 Bb4 33. Qd3 Qxd3 34. Rxd3 Rxc4 35. Rd1 Ne4 36. Ne1 Rc5 37. Nd3 Rd5 38. Nc7 Rd7 39. Nb5 Be7 40. f3 Nxg3 41. Nc3 Rc7 42. Ne4 Nxe4 43. fxe4 Rc4 44. Nf2 Bh4 0-1

[Event "Hastings Masters 2024/25 98th"]
[Site "Hastings"]
[Date "2024.12.29"]
[Round "3.10"]
[White "Siva Mahadevan"]
[Black "Gasanov, Eldar"]
[Result "1-0"]
[WhiteElo "2349"]
[BlackElo "2476"]
[PlyCount "79"]
[EventDate "2024.12.28"]
[EventType "swiss"]
[EventRounds "9"]
[EventCountry "ENG"]
[SourceTitle "BritBase"]
[Source "John Saunders"]
[SourceDate "2025.01.10"]
[SourceVersion "1"]
[SourceVersionDate "2025.01.10"]
[SourceQuality "1"]

1. e4 c5 2. Nf3 Nc6 3. d4 cxd4 4. Nxd4 Nf6 5. Nc3 d6 6. Bg5 Bd7 7. Qd2 Rc8 8. O-O-O Nxd4 9. Qxd4 Qa5 10. Bd2 a6 11. f3 Qc5 12. Qd3 b5 13. Be3 Qc7 14. g4 b4 15. Nd5 Nxd5 16. exd5 h5 17. Rd2 a5 18. Qe4 hxg4 19. fxg4 g6 20. Bg5 a4 21. Bd3 b3 22. a3 Rh3 23. c3 Kd8 24. Rf1 Be8 25. Re2 Qb7 26. Ba6 Qxa6 27. Bxe7+ Kc7 28. Bxf8 Kb7 29. Rf6 Qa5 30. Qd4 Ka8 31. Bxd6 Qb5 32. Re7 Bd7 33. Rfxf7 Rd3 34. Rxd7 Qxd7 35. Qxd3 Qxd6 36. Qb5 Rxc3+ 37. Kb1 Rc7 38. Qxa4+ Kb8 39. Qxb3+ Kc8 40. Rxc7+ 1-0

[Event "Hastings Masters 2024/25 98th"]
[Site "Hastings"]
[Date "2024.12.29"]
[Round "3.11"]
[White "Boswell, Jacob Connor"]
[Black "Kovchan, Alexander"]
[Result "0-1"]
[WhiteElo "2277"]
[BlackElo "2455"]
[PlyCount "64"]
[EventDate "2024.12.28"]
[EventType "swiss"]
[EventRounds "9"]
[EventCountry "ENG"]
[SourceTitle "BritBase"]
[Source "John Saunders"]
[SourceDate "2025.01.10"]
[SourceVersion "1"]
[SourceVersionDate "2025.01.10"]
[SourceQuality "1"]

1. d4 Nf6 2. c4 g6 3. Nf3 Bg7 4. g3 c6 5. Bg2 d5 6. O-O dxc4 7. a4 Ne4 8. Nc3 Nd6 9. e4 Bg4 10. Be3 Na6 11. h3 Bxf3 12. Bxf3 O-O 13. Qe2 Nb4 14. Rfd1 a5 15. h4 h5 16. Bg2 Qc7 17. f4 Rad8 18. f5 Nd3 19. g4 hxg4 20. Qxg4 Qd7 21. Bh3 Ne8 22. e5 Qxf5 23. Qg3 Qh5 24. Bg4 Qh8 25. h5 Bh6 26. Rd2 Nxe5 27. dxe5 Rxd2 28. Bxd2 Bxd2 29. hxg6 fxg6 30. Kg2 Bf4 31. Be6+ Kg7 32. Qg4 Qh2+ 0-1

[Event "Hastings Masters 2024/25 98th"]
[Site "Hastings"]
[Date "2024.12.29"]
[Round "3.15"]
[White "Mikalajunas, Kajus"]
[Black "Abrahams, Daniel"]
[Result "0-1"]
[WhiteElo "1941"]
[BlackElo "2072"]
[PlyCount "121"]
[EventDate "2024.12.28"]
[EventType "swiss"]
[EventRounds "9"]
[EventCountry "ENG"]
[SourceTitle "BritBase"]
[Source "John Saunders"]
[SourceDate "2025.01.10"]
[SourceVersion "1"]
[SourceVersionDate "2025.01.10"]
[SourceQuality "1"]

1. Nf3 e6 2. g3 Nf6 3. Bg2 d5 4. d4 Be7 5. O-O O-O 6. c4 c6 7. Qc2 b6 8. Rd1 Nbd7 9. b3 Bb7 10. Nc3 Qc8 11. e4 dxe4 12. Ng5 h6 13. Ngxe4 Rd8 14. Bb2 Qc7 15. Rac1 Rac8 16. Qe2 Re8 17. d5 exd5 18. cxd5 Qb8 19. d6 Bf8 20. Qf3 Rcd8 21. h4 Nxe4 22. Nxe4 c5 23. Qf5 Re6 24. Re1 Rde8 25. Re3 g6 26. Qf4 Bxe4 27. Bxe4 Qxd6 28. Qf3 Nf6 29. Rd1 Qe7 30. Bc6 Rc8 31. Rxe6 Qxe6 32. Bb7 Nh5 33. Bxc8 Qxc8 34. Rd5 Bg7 35. g4 Bxb2 36. gxh5 Qe6 37. hxg6 fxg6 38. Qd3 Bd4 39. Qf3 Kh7 40. h5 gxh5 41. Qf5+ Qxf5 42. Rxf5 Kg6 43. Rd5 h4 44. Rd7 b5 45. a4 bxa4 46. bxa4 a5 47. Ra7 Bc3 48. Kg2 Kf5 49. Kh3 Kg5 50. Ra8 Bd2 51. Rc8 Bb4 52. Rc6 Kf4 53. Rxh6 Ke4 54. Kg2 c4 55. Kf1 Kd3 56. Rh7 c3 57. Rd7+ Kc2 58. Ke2 Kb2 59. Kd3 c2 60. Rc7 c1=Q 61. Kd4 0-1

[Event "Hastings Masters 2024/25 98th"]
[Site "Hastings"]
[Date "2024.12.29"]
[Round "3.18"]
[White "Zhang, Pengxiang"]
[Black "Chandler, Cliff R"]
[Result "1-0"]
[WhiteElo "2567"]
[BlackElo "2161"]
[PlyCount "57"]
[EventDate "2024.12.28"]
[EventType "swiss"]
[EventRounds "9"]
[EventCountry "ENG"]
[SourceTitle "BritBase"]
[Source "John Saunders"]
[SourceDate "2025.01.10"]
[SourceVersion "1"]
[SourceVersionDate "2025.01.10"]
[SourceQuality "1"]

1. e4 d5 2. exd5 Nf6 3. d4 Bg4 4. f3 Bf5 5. g4 Bg6 6. c4 e6 7. Nc3 c5 8. Be3 Nbd7 9. h4 cxd4 10. Bxd4 e5 11. Be3 h6 12. Bd3 Bxd3 13. Qxd3 Bc5 14. Bxc5 Nxc5 15. Qe3 Qb6 16. Qxe5+ Kf8 17. O-O-O Re8 18. Qf4 Nfd7 19. Nh3 Ne5 20. Nf2 Qb4 21. Rd4 f6 22. Rhd1 Kf7 23. h5 Rc8 24. Kb1 Ncd7 25. Qf5 Rhe8 26. c5 Qxc5 27. f4 Nc4 28. Qxd7+ Re7 29. Qb5 1-0

[Event "Hastings Masters 2024/25 98th"]
[Site "Hastings"]
[Date "2024.12.29"]
[Round "3.19"]
[White "Brewer, Callum D"]
[Black "Royal, Shreyas"]
[Result "1/2-1/2"]
[WhiteElo "2151"]
[BlackElo "2522"]
[PlyCount "88"]
[EventDate "2024.12.28"]
[EventType "swiss"]
[EventRounds "9"]
[EventCountry "ENG"]
[SourceTitle "BritBase"]
[Source "John Saunders"]
[SourceDate "2025.01.10"]
[SourceVersion "1"]
[SourceVersionDate "2025.01.10"]
[SourceQuality "1"]

1. e4 c5 2. Nf3 d6 3. Bb5+ Nd7 4. d4 cxd4 5. Qxd4 a6 6. Be2 Ngf6 7. O-O e6 8. c4 Be7 9. Nc3 O-O 10. h3 Qc7 11. Be3 Ne5 12. Nxe5 dxe5 13. Qb6 Qb8 14. Rfd1 Bd7 15. Bc5 Bxc5 16. Qxc5 Bc6 17. f3 Rc8 18. Qf2 Qc7 19. Kh2 Rd8 20. Bf1 Rd4 21. Qc2 Be8 22. b3 Rad8 23. Ne2 R4d6 24. Nc3 b5 25. Rxd6 Rxd6 26. Rd1 Rd4 27. Bd3 bxc4 28. Bxc4 Bb5 29. Ne2 Rxd1 30. Qxd1 Bxc4 31. bxc4 Nd7 32. Qa4 Qd6 33. Nc1 f5 34. Nb3 fxe4 35. fxe4 Nf6 36. c5 Qd3 37. c6 Nxe4 38. c7 Qg3+ 39. Kg1 Qf2+ 40. Kh2 Qf4+ 41. Kg1 Qe3+ 42. Kh2 Qg3+ 43. Kg1 Qe1+ 44. Kh2 Qg3+ 1/2-1/2

[Event "Hastings Masters 2024/25 98th"]
[Site "Hastings"]
[Date "2024.12.29"]
[Round "3.20"]
[White "Zhang, Junyi"]
[Black "Balaji, Aaravamudhan"]
[Result "0-1"]
[WhiteElo "2070"]
[BlackElo "2364"]
[PlyCount "76"]
[EventDate "2024.12.28"]
[EventType "swiss"]
[EventRounds "9"]
[EventCountry "ENG"]
[SourceTitle "BritBase"]
[Source "John Saunders"]
[SourceDate "2025.01.10"]
[SourceVersion "1"]
[SourceVersionDate "2025.01.10"]
[SourceQuality "1"]

1. e4 e5 2. Nf3 Nc6 3. Bc4 Nf6 4. Ng5 d5 5. exd5 Na5 6. Bb5+ c6 7. dxc6 bxc6 8. Bd3 Nd5 9. Nf3 Bd6 10. O-O Nf4 11. Re1 Nxd3 12. cxd3 O-O 13. Nc3 Re8 14. b3 c5 15. Bb2 Nc6 16. Ne4 Bf8 17. a3 Qd5 18. Rc1 Bg4 19. Ng3 Rab8 20. Rc4 Bxf3 21. gxf3 Re6 22. Kh1 Qxd3 23. Re3 Qd5 24. Kg1 g6 25. Qc2 Nd4 26. Bxd4 cxd4 27. Rd3 Bxa3 28. Qa2 Ra6 29. Qc2 Kg7 30. Ne4 Rbb6 31. Qd1 Rc6 32. Qc2 Be7 33. h3 h5 34. Kg2 h4 35. Rxc6 Rxc6 36. Qa2 Qb5 37. Qa4 Qxa4 38. bxa4 f5 0-1

[Event "Hastings Masters 2024/25 98th"]
[Site "Hastings"]
[Date "2024.12.29"]
[Round "3.21"]
[White "Roux, Baptiste"]
[Black "Brown, Thomas"]
[Result "1-0"]
[WhiteElo "2338"]
[BlackElo "2118"]
[PlyCount "49"]
[EventDate "2024.12.28"]
[EventType "swiss"]
[EventRounds "9"]
[EventCountry "ENG"]
[SourceTitle "BritBase"]
[Source "John Saunders"]
[SourceDate "2025.01.10"]
[SourceVersion "1"]
[SourceVersionDate "2025.01.10"]
[SourceQuality "1"]

1. e4 c5 2. Nf3 g6 3. d4 cxd4 4. Nxd4 Nf6 5. Nc3 d6 6. Be3 Nc6 7. f3 h5 8. Qd2 Nxd4 9. Bxd4 Bh6 10. Qf2 Qa5 11. Bc4 e5 12. Be3 Bxe3 13. Qxe3 Qc5 14. Qxc5 dxc5 15. O-O-O Be6 16. Bxe6 fxe6 17. Rd6 Ke7 18. Rhd1 Nd5 19. Nb5 Ne3 20. Rd7+ Kf6 21. R1d2 Nc4 22. R2d3 a6 23. Nd6 Nxd6 24. R3xd6 b5 25. Rc7 1-0

[Event "Hastings Masters 2024/25 98th"]
[Site "Hastings"]
[Date "2024.12.29"]
[Round "3.22"]
[White "Burrows, Martin P"]
[Black "Lucas, Arthur"]
[Result "0-1"]
[WhiteElo "2042"]
[BlackElo "2335"]
[PlyCount "70"]
[EventDate "2024.12.28"]
[EventType "swiss"]
[EventRounds "9"]
[EventCountry "ENG"]
[SourceTitle "BritBase"]
[Source "John Saunders"]
[SourceDate "2025.01.10"]
[SourceVersion "1"]
[SourceVersionDate "2025.01.10"]
[SourceQuality "1"]

1. e4 c5 2. Nf3 d6 3. d4 cxd4 4. Nxd4 Nf6 5. Nc3 g6 6. Be3 Nc6 7. f3 h5 8. Qd2 Nxd4 9. Bxd4 Bh6 10. Qf2 Qa5 11. Bb5+ Kf8 12. O-O e5 13. Be3 Bxe3 14. Qxe3 Be6 15. Kh1 Rc8 16. Be2 Qc5 17. Qg5 Kg7 18. Rad1 h4 19. f4 Nh5 20. Bxh5 Rxh5 21. Qe7 h3 22. g3 exf4 23. gxf4 Qb4 24. Qxd6 Qxb2 25. f5 gxf5 26. Rg1+ Kh7 27. Nd5 Rxc2 28. Ne3 Rc8 29. exf5 Qf2 30. fxe6 Qf3+ 31. Ng2 Rg5 32. Qd2 hxg2+ 33. Rxg2 Rxg2 34. Qd3+ Qxd3 35. Rxd3 Re2 0-1

[Event "Hastings Masters 2024/25 98th"]
[Site "Hastings"]
[Date "2024.12.29"]
[Round "3.41"]
[White "Badacsonyi, Stanley"]
[Black "Zhou, Yang-Fan"]
[Result "0-1"]
[WhiteElo "2266"]
[BlackElo "2424"]
[PlyCount "120"]
[EventDate "2024.12.28"]
[EventType "swiss"]
[EventRounds "9"]
[EventCountry "ENG"]
[SourceTitle "BritBase"]
[Source "John Saunders"]
[SourceDate "2025.01.10"]
[SourceVersion "1"]
[SourceVersionDate "2025.01.10"]
[SourceQuality "1"]

1. d4 Nf6 2. c4 g6 3. Nc3 Bg7 4. e4 O-O 5. Be3 d6 6. Be2 Nbd7 7. Nf3 e5 8. d5 Ng4 9. Bg5 f6 10. Bh4 Nh6 11. Nd2 c5 12. f3 Nf7 13. a3 Bh6 14. Bf2 f5 15. Bd3 Nf6 16. Qc2 fxe4 17. Ndxe4 Nxe4 18. fxe4 Bd7 19. Qe2 Qg5 20. O-O Bg4 21. Qc2 Qh5 22. Be2 Bf4 23. g3 Ng5 24. Bxg4 Qxg4 25. Qd1 Nf3+ 26. Kg2 Nh4+ 27. Kh1 Qh3 28. Rg1 Bh6 29. Qe2 Nf3 30. Rg2 Rf6 31. Nb5 Raf8 32. Bg1 Nd4 33. Nxd4 cxd4 34. Rd1 Rf3 35. b4 b6 36. c5 bxc5 37. bxc5 dxc5 38. Qa2 Qd7 39. d6+ Qf7 40. Qc2 c4 41. Qa4 c3 42. Qc6 Qe6 43. Rb1 R3f7 44. Rb5 Rd8 45. Rd5 Bf8 46. Qb5 Bxd6 47. Qa5 Re8 48. Qb5 Bxa3 49. Ra2 Bf8 50. Ra6 Qg4 51. Qd3 Qf3+ 52. Qxf3 Rxf3 53. Rc6 Rf7 54. Kg2 Rb7 55. h4 Rbb8 56. Bxd4 exd4 57. Rxd4 Rbc8 58. Rdc4 Rxc6 59. Rxc6 Rxe4 60. Rxc3 a5 0-1

[Event "Hastings Masters 2024/25 98th"]
[Site "Hastings"]
[Date "2024.12.29"]
[Round "3.47"]
[White "Buckland, Louis"]
[Black "Fryer, David W"]
[Result "1-0"]
[WhiteElo "1856"]
[BlackElo "1928"]
[PlyCount "48"]
[EventDate "2024.12.28"]
[EventType "swiss"]
[EventRounds "9"]
[EventCountry "ENG"]
[SourceTitle "BritBase"]
[Source "John Saunders"]
[SourceDate "2025.01.10"]
[SourceVersion "1"]
[SourceVersionDate "2025.01.10"]
[SourceQuality "1"]

1. d4 f5 2. Bg5 h6 3. Bh4 g5 4. e3 Nf6 5. Bg3 d6 6. Nc3 Bg7 7. h4 g4 8. Nge2 Nh5 9. Nf4 Nxg3 10. fxg3 h5 11. Bc4 Rh6 12. Qd2 c6 13. d5 e5 14. dxe6 Be5 15. e4 fxe4 16. O-O-O d5 17. Nfxd5 Rxe6 18. Nf4 Qxd2+ 19. Rxd2 Bxc3 20. Bxe6 Bxd2+ 21. Kxd2 Bxe6 22. Nxe6 Na6 23. a3 Ke7 24. Nf4 e3+ 1-0

[Event "Hastings Masters 2024/25 98th"]
[Site "Hastings"]
[Date "2024.12.29"]
[Round "3.50"]
[White "Bryant, Marc A"]
[Black "Han, Yongsu"]
[Result "1/2-1/2"]
[WhiteElo "1825"]
[BlackElo "1718"]
[PlyCount "201"]
[EventDate "2024.12.28"]
[EventType "swiss"]
[EventRounds "9"]
[EventCountry "ENG"]
[SourceTitle "BritBase"]
[Source "John Saunders"]
[SourceDate "2025.01.10"]
[SourceVersion "1"]
[SourceVersionDate "2025.01.10"]
[SourceQuality "1"]

1. g4 d5 2. Bg2 Bxg4 3. c4 e6 4. Nc3 Nf6 5. cxd5 exd5 6. Qb3 Nc6 7. Nxd5 Nxd5 8. Bxd5 Na5 9. Bxf7+ Ke7 10. Qb4+ Kxf7 11. Qxg4 Qf6 12. Qh5+ Qg6 13. Qxa5 Qg2 14. Qf5+ Ke8 15. Qf3 Qg6 16. Qxb7 Rd8 17. Qb5+ c6 18. Qe5+ Be7 19. Nf3 Rd5 20. Qb8+ Bd8 21. Rg1 Qe6 22. Qxa7 Rf8 23. Qe3 Qxe3 24. fxe3 Bf6 25. Rg4 Rb5 26. Nd4 Rh5 27. Rg2 c5 28. Ne6 Rf7 29. Kd1 Rf5 30. a4 Rb7 31. Ra2 Kf7 32. Nf4 Rb4 33. Nd3 Rf1+ 34. Kc2 Rc4+ 35. Kb3 Rh4 36. Nxc5 Rxc1 37. d4 Be7 38. Rf2+ Ke8 39. Ne6 Rh3 40. Nxg7+ Kd7 41. Nf5 Bf8 42. a5 Bh6 43. Nxh6 Rxh6 44. Ra4 Ke7 45. Rc4 Ra1 46. Rc5 Rh3 47. Re5+ Kd6 48. Kb4 Rh6 49. e4 Rh3 50. Rb5 Ra2 51. Rb6+ Ke7 52. b3 Rh4 53. a6 Rxe4 54. Rb7+ Ke6 55. a7 Rxd4+ 56. Kc3 Rd6 57. Rf8 Rda6 58. a8=Q Rxa8 59. Rxa8 Rxa8 60. Rxh7 Rc8+ 61. Kb2 Rd8 62. Kc3 Rc8+ 63. Kd3 Rd8+ 64. Ke4 Rb8 65. Rh6+ Ke7 66. Rh3 Ke6 67. Rd3 Rh8 68. h3 Rh4+ 69. Kf3 Rxh3+ 70. Kg4 Rh8 71. e4 Ke5 72. Kf3 Rh3+ 73. Ke2 Rh2+ 74. Ke3 Rh3+ 75. Kd2 Rh4 76. Re3 Kd4 77. e5 Rh2+ 78. Re2 Rxe2+ 79. Kxe2 Kxe5 80. Kd1 Kd4 81. Kc2 Kc5 82. Kc3 Kb5 83. b4 Kb6 84. Kc4 Kc6 85. Kc3 Kb5 86. Kb3 Kb6 87. Ka4 Ka6 88. Kb3 Kb5 89. Kc3 Kb6 90. Kc4 Kc6 91. b5+ Kb6 92. Kb4 Kb7 93. Kb3 Kb6 94. Kc4 Kb7 95. Kc5 Kc7 96. b6+ Kb7 97. Kb5 Kb8 98. Kc6 Kc8 99. b7+ Kb8 100. Kd5 Kxb7 101. Ke4 1/2-1/2

[Event "Hastings Masters 2024/25 98th"]
[Site "Hastings"]
[Date "2024.12.29"]
[Round "3.53"]
[White "Lee, Jungsoo"]
[Black "Blewitt, Stephen"]
[Result "0-1"]
[WhiteElo "1705"]
[BlackElo "1831"]
[PlyCount "130"]
[EventDate "2024.12.28"]
[EventType "swiss"]
[EventRounds "9"]
[EventCountry "ENG"]
[SourceTitle "BritBase"]
[Source "John Saunders"]
[SourceDate "2025.01.10"]
[SourceVersion "1"]
[SourceVersionDate "2025.01.10"]
[SourceQuality "1"]

1. e4 c6 2. d4 d5 3. e5 c5 4. dxc5 Nc6 5. Nf3 Bg4 6. c3 e6 7. Be3 Qc7 8. h3 Bh5 9. g4 Bg6 10. Bd4 Be7 11. Bd3 Be4 12. Bxe4 dxe4 13. Nfd2 e3 14. Bxe3 Nxe5 15. Ne4 Rd8 16. Qa4+ Nc6 17. Nbd2 Nf6 18. O-O-O O-O 19. Nxf6+ Bxf6 20. g5 Be7 21. Ne4 Rxd1+ 22. Qxd1 Qa5 23. Kb1 Rd8 24. Qg4 Kh8 25. Qf4 Kg8 26. Rg1 Qb5 27. c4 Qa6 28. a3 e5 29. Qg4 Nd4 30. Bxd4 Rxd4 31. Qc8+ Rd8 32. Qc7 Kf8 33. Nd6 Qc6 34. Qxc6 bxc6 35. Rd1 Bxg5 36. b4 a6 37. Kc2 g6 38. Nb7 Rxd1 39. Kxd1 Ke7 40. a4 e4 41. b5 cxb5 42. cxb5 axb5 43. a5 Bf4 44. a6 Bb8 45. Nd6 b4 46. a7 Bxa7 47. Nc8+ Kd7 48. Nxa7 Kc7 49. Kc2 Kb7 50. Nb5 Kc6 51. Nd6 f5 52. Kb3 Kxc5 53. Nb7+ Kb6 54. Nd8 Kc5 55. Ne6+ Kd5 56. Nf8 f4 57. Kxb4 e3 58. fxe3 f3 59. Nd7 Ke4 60. Kc3 Kxe3 61. Nf6 f2 62. Ng4+ Ke2 63. Nh2 f1=Q 64. Nxf1 Kxf1 65. Kd3 Kg2 0-1

[Event "Hastings Masters 2024/25 98th"]
[Site "Hastings"]
[Date "2024.12.30"]
[Round "4.29"]
[White "Malinovskii, Ilia"]
[Black "Kolani, Arjun"]
[Result "1/2-1/2"]
[WhiteElo "2003"]
[BlackElo "2131"]
[PlyCount "89"]
[EventDate "2024.12.28"]
[EventType "swiss"]
[EventRounds "9"]
[EventCountry "ENG"]
[SourceTitle "BritBase"]
[Source "John Saunders"]
[SourceDate "2025.01.10"]
[SourceVersion "1"]
[SourceVersionDate "2025.01.10"]
[SourceQuality "1"]

1. e4 e5 2. Nc3 Nf6 3. Bc4 Nc6 4. d3 Bc5 5. f4 d6 6. Nf3 exf4 7. Bxf4 O-O 8. d4 Bb6 9. Bg5 h6 10. Bxf6 Qxf6 11. Nd5 Qd8 12. O-O Ne7 13. Nf4 c6 14. Bd3 c5 15. c3 Bg4 16. Bc2 cxd4 17. cxd4 Nc6 18. Ne2 f5 19. Bb3+ Kh7 20. exf5 Bxf5 21. Kh1 Be4 22. d5 Ne5 23. Bc2 Bxc2 24. Qxc2+ Kg8 25. Nxe5 dxe5 26. Qe4 Qd6 27. Ng3 g6 28. Qh4 Kg7 29. Qg4 Rxf1+ 30. Rxf1 Rf8 31. Rxf8 Qxf8 32. d6 h5 33. Qg5 Qd8 34. Qd2 Bd4 35. Ne4 Qf8 36. Qc1 Qf5 37. Ng3 Qd3 38. d7 Bb6 39. Qe1 Qxd7 40. Qxe5+ Kh7 41. Qe1 Qd4 42. Qe7+ Qg7 43. Qe2 Qd4 44. Qe7+ Qg7 45. Qe2 1/2-1/2

[Event "Hastings Masters 2024/25 98th"]
[Site "Hastings"]
[Date "2024.12.30"]
[Round "4.40"]
[White "Marusenko, Petr"]
[Black "Miller, Daniel"]
[Result "1-0"]
[WhiteElo "2021"]
[BlackElo "1789"]
[PlyCount "134"]
[EventDate "2024.12.28"]
[EventType "swiss"]
[EventRounds "9"]
[EventCountry "ENG"]
[SourceTitle "BritBase"]
[Source "John Saunders"]
[SourceDate "2025.01.10"]
[SourceVersion "1"]
[SourceVersionDate "2025.01.10"]
[SourceQuality "1"]

1. d4 Nf6 2. c4 g6 3. Nc3 d5 4. Nf3 Bg7 5. cxd5 Nxd5 6. e3 O-O 7. Bc4 Nb6 8. Bb3 c5 9. h3 cxd4 10. exd4 Nc6 11. d5 Na5 12. O-O Bxc3 13. bxc3 Nxb3 14. axb3 Qxd5 15. c4 Qxd1 16. Rxd1 f6 17. Be3 Bf5 18. Nd4 Bd7 19. Ra5 Nc8 20. Nc2 Bf5 21. Nb4 Nd6 22. Rxa7 Rxa7 23. Bxa7 b5 24. Nd5 Kf7 25. Bc5 bxc4 26. Nxe7 Ne4 27. Nxf5 Nxc5 28. Nd6+ Ke6 29. Nxc4 Nxb3 30. Rd6+ Ke7 31. Rd5 Ke6 32. Ne3 Rc8 33. h4 h5 34. g3 Nc5 35. Rd4 Nd7 36. Ra4 Ne5 37. Ra6+ Rc6 38. Ra2 Kf7 39. Nd5 Ke6 40. Nf4+ Kf5 41. Kg2 Rc3 42. Ra6 Rc2 43. Nd5 Ng4 44. Ne7+ Ke4 45. Ra4+ Kd3 46. Ra3+ Ke4 47. Ra4+ Kd3 48. Nxg6 Rxf2+ 49. Kg1 Rf5 50. Nf4+ Ke3 51. Nxh5 Rxh5 52. Rxg4 Kf3 53. Rg6 Rf5 54. Kh2 Kf2 55. Kh3 Kf3 56. g4 Rf4 57. g5 fxg5 58. hxg5 Rb4 59. Rf6+ Ke4 60. Kg4 Ke5+ 61. Kh5 Rb1 62. Kg6 Rb7 63. Ra6 Rc7 64. Kh6 Rc1 65. g6 Rh1+ 66. Kg7 Kf5 67. Kf7 Ke4 1-0

[Event "Hastings Masters 2024/25 98th"]
[Site "Hastings"]
[Date "2024.12.30"]
[Round "4.43"]
[White "Ashton, Alannah"]
[Black "Swiatkowski, Dominik"]
[Result "1/2-1/2"]
[WhiteElo "1953"]
[BlackElo "1744"]
[PlyCount "115"]
[EventDate "2024.12.28"]
[EventType "swiss"]
[EventRounds "9"]
[EventCountry "ENG"]
[SourceTitle "BritBase"]
[Source "John Saunders"]
[SourceDate "2025.01.10"]
[SourceVersion "1"]
[SourceVersionDate "2025.01.10"]
[SourceQuality "1"]

1. e4 e5 2. Nf3 Nc6 3. Bb5 a6 4. Ba4 Nf6 5. O-O Be7 6. Re1 b5 7. Bb3 d6 8. c3 O-O 9. h3 Na5 10. Bc2 c5 11. d4 Qc7 12. d5 Nc4 13. b3 Nb6 14. Nbd2 c4 15. bxc4 Nxc4 16. Nxc4 Qxc4 17. Ba3 Re8 18. Qd2 Nd7 19. Bd3 Qc7 20. Rac1 Nb6 21. c4 bxc4 22. Bxc4 Nxc4 23. Qb4 Qa5 24. Rxc4 Qxb4 25. Bxb4 Bd7 26. Rc7 Bb5 27. Nd2 Rac8 28. Rec1 Rxc7 29. Rxc7 Bf8 30. g3 Rb8 31. a3 g6 32. f4 exf4 33. gxf4 Re8 34. e5 dxe5 35. d6 a5 36. d7 Bxd7 37. Bxf8 Kxf8 38. Rxd7 exf4 39. Rd5 Re2 40. h4 f3 41. Nxf3 Re3 42. Ng5 h6 43. Rxa5 hxg5 44. hxg5 Re2 45. Ra8+ Kg7 46. Ra5 Re6 47. Kf2 f6 48. Ra7+ Kf8 49. gxf6 Rxf6+ 50. Kg3 Ke8 51. a4 Kd8 52. Rb7 Ra6 53. Rb4 Kc7 54. Rg4 Ra5 55. Kf3 g5 56. Ke3 Kb6 57. Kd3 Rf5 58. Ke4 1/2-1/2